La policía es la ley en abusos de autoridad: síntesis de casos febrero 1991

Na minha lista:
Detalhes bibliográficos
Formato: Livro
Idioma:Spanish
Tags: Adicionar Tag
Sem tags, seja o primeiro a adicionar uma tag!

MARC

LEADER 00000nam a22000007a 4500
003 cru CIDCACS/IIS
005 20181102144702.0
007 ta
008 181101s1991 ho |||p|r||||||0| ||spa|d
999 |c 41881  |d 41881 
040 |c cru CIDCACS/IIS 
245 3 |a La policía es la ley en abusos de autoridad:  |b síntesis de casos febrero 1991 
300 |a páginas 8, 14-15 
942 |2 ddc  |c PP 
773 0 |0 41867  |9 2384  |a Comité para la Defensa de los Derechos Humanos (Honduras)  |d Tegucigalpa; Honduras:  |o 18114  |t CODEH: